000 00729nam a2200277Ia 4500
003 OSt
005 20220912151457.0
006 a|||||r|||| 00| 0
007 ta
008 220909b |||||||| |||| 00| 0 eng d
024 _a49869
037 _cTextual
040 _aCSL
_beng
_cCSL
041 _aeng
082 _aI:423, L8
100 _aHorne Robert W
245 0 _aStructure and function of viruses
260 _aLondon
_bEdward Arnold
_c1978
300 _a54p.
_ccm. ill,tables
490 _aInstitute of biology studies in biology; 95
650 _a Plant virology
650 _a Virology
650 _aBotany
942 _hI:423, L8
_cTEXL
_2CC
999 _c69420
_d69420